000 01152nam a2200241Ia 4500
003 Ost
005 20260507075224.0
008 260507s9999||||xx |||||||||||||| ||und||
020 _a1136410977
040 _cfsecg
041 _aara
082 _a330
100 _aالشناوي، وليد محمد
_eمؤلف
245 0 _aالدور التنظيمي للإدارة في المجال الاقتصادي :
_bدراسة مقارنة /
_c وليد محمد الشناوي
260 _aالمنصورة:
_bالمكتبة العصرية,
_c2008
300 _a933 صفحة؛
_bإيضاحات ؛
_c24 سم
504 _aمراجع ص.845
520 _aتحديد الاجهزة المسؤولة عن التدخل التنظيمي ، الرقابة على نشاط الاجهزة التنظيمية المستقلة وسائل التدخل التنظيمي في المجال الاقتصادي : الوسائل ذات الطبيعة التشريعية ذات الطبيعة الادارية و ذات الطبيعة القضائية .
653 _aالإدارة
653 _aالإقتصاد
653 _aالتنظيم
942 _cكتاب
999 _c43531
_d43531